000 00650nam a22001937a 4500
005 20251108165235.0
008 250721s1986 xx 000 0 ara d
020 _a977010776x
082 1 4 _a956.033/محم
100 1 _aمحمد، قطب إبراهيم
245 1 0 _aالسياسة المالية لعثمان بن عفان /
264 1 _aالقاهرة :
_bالهيئة المصرية العامة للكتاب،
_c1986.
300 _a205ص.
650 1 7 _aالتاريخ الإسلامي
650 1 7 _aالخلفاء الراشدون 632-661
650 1 7 _aخلافة عثمان بن عفان 646-656
942 _2ddc
_cBK
999 _c22974
_d22974